Al-Ghazali`s Mishkat Al-Anwar and the Ghazali Problem (Record no. 665)

MARC details
000 -LEADER
fixed length control field 00477nam a2200181 a 4500
020 ## - INTERNATIONAL STANDARD BOOK NUMBER
ISBN 81-7101-282-5
082 00 - DEWEY DECIMAL CLASSIFICATION NUMBER
Classification number 297.4
Author Cutter GAI1
100 ## - MAIN ENTRY--AUTHOR NAME
Author name Gairdner, W H T
245 ## - TITLE STATEMENT
Title Al-Ghazali`s Mishkat Al-Anwar and the Ghazali Problem
260 ## - PUBLICATION, DISTRIBUTION, ETC. (IMPRINT)
Place of publication Tehran
Name of publisher George
Year of publication 2005
300 ## - PHYSICAL DESCRIPTION
Number of Pages 153p
500 ## - GENERAL NOTE
General note includes index and biblioraphy
505 2# - FORMATTED CONTENTS NOTE
Formatted contents note Bibliography, Index
650 ## - SUBJECT ADDED ENTRY--TOPICAL TERM
Topical Term Sufism-Ghazali
650 ## - SUBJECT ADDED ENTRY--TOPICAL TERM
Topical Term Mishkatul Anwaar-Criticism
942 ## - ADDED ENTRY ELEMENTS (KOHA)
Koha item type Books
700 1# -
-- Gairdner, W H T
Holdings
Home library Current library Date acquired Cost, normal purchase price Full call number Accession Number Koha item type
Henry Martyn Institute Library Henry Martyn Institute Library 09/07/2007 100.00 297.4 GAI1 01650 E-Books
Henry Martyn Institute Library Henry Martyn Institute Library 04/11/2016   297.4 GAI1   Books
                   Copyright © 2026 | Henry Martyn Institute | Hyderabad | TS-500052 | INDIA | Implemented by hmi.edu.in
Hit-Count:

Powered by Koha